| 000 | 00612nam a2200217 a 4500 | ||
|---|---|---|---|
| 001 | BRCA_3912 | ||
| 005 | 20190320204455.0 | ||
| 008 | 120110s1937----mx-a######---#000-0#spa-# | ||
| 041 | _aspa | ||
| 044 | _amx | ||
| 050 | 4 |
_aF1386 _b.V355 1937 |
|
| 100 | 1 |
_aValle Arizpe, Artemio de _d1888-1961. _92476 |
|
| 245 | 1 | 0 |
_aPor la vieja calzada de Tlacopan _cArtemio de Valle Arizpe. |
| 260 |
_aMéxico _bCultura _c1937 |
||
| 300 |
_a566 p. _bil., retratos _c25 cm. |
||
| 500 | _aC61 | ||
| 504 | _aBibliografía p. 376-383. | ||
| 650 | 1 | 4 |
_aMéxico (Ciudad) _eCalles _zTlacopan _910168 |
| 902 | _aGFM | ||
| 942 |
_2lcc _cB |
||
| 999 |
_c3639 _d3639 |
||